Reverse Dictionary #96 - Statistics

General Stats
  • This quiz has been taken 25 times
  • The average score is 16 of 25
Answer Stats
Definition First
Letter
Word % Correct
A device for taking still or moving pictures or photographs. C camera
100%
A single instance of respiration. B breath
96%
The disembodied soul; the soul or spirit of a deceased person; a spirit appearing after death. G ghost
96%
A perennial woody plant taller and larger than a shrub, with a wooden trunk and, at some distance from the ground, having leaves and branches. T tree
92%
Having the atmosphere, decoration, or attitude of a festival, holiday, or celebration. F festive
88%
To join in, to take part, to involve oneself (in something). P participate
88%
To creep or go stealthily; to come or go while trying to avoid detection, as a person who does not wish to be seen. S sneak
88%
The process of changing the state of a substance from liquid to gas by heating it. B boiling
84%
Any of various passerine birds (about 100 species) of the families Muscicapidae, Turdidae and Petroicidae (formerly Eopsaltriidae), typically with a red breast. R robin
84%
A historically constituted, stable community of people, formed based on a common language, territory, economic life, ethnicity and/or psychological make-up manifested in a common culture. N nation
80%
Alert and paying close attention; watchful. O observant
80%
To cause to shine briefly or intermittently. F flash
72%
Having no flavour; bland; insipid. T tasteless
68%
To travel somewhere in search of discovery. E explore
64%
(often of a woman) Lively and animated; full of life and energy. V vivacious
64%
(typically of a man) Attractive, adventurous, and full of confidence. D dashing
52%
Possessing alluring beauty or charm (often with sex appeal) and a stylish appearance. G glamorous
48%
Implied, but not made explicit, especially through silence. T tacit
36%
Sticky; tenacious, as glutinous substances. A adhesive
32%
Suggestive of an earlier event or times. R reminiscent
32%
Having a ready flow of words but lacking thought or understanding; superficial; shallow. G glib
28%
Driven by impulse, spontaneous and without thinking. I instinctive
28%
Inclined to talk too much, especially about trivia. G gabby
24%
That is solely or no more or better than what is specified. M mere
16%
To cook (food) by slowly boiling or simmering. S stew
16%
No matching quizzes found
Score Distribution
Percent of People with Each Score
Percentile by Number Answered
Your Score History
You have not taken this quiz